| 000 | 00860nam a2200337 i 4500 | ||
|---|---|---|---|
| 001 | bgj | ||
| 100 | 1 |
_aBRONTE, Charlotte _d(1816-1855). |
|
| 245 | 1 | 0 |
_aJane Eyre / _cCharlotte Bronte. |
| 260 |
_aLondon : _bPenguin Books, _c1994. |
||
| 300 |
_a447 pp ; _c18 cm. |
||
| 490 | 1 |
_aPenguin Popular Classics ; _v24 |
|
| 650 | 9 | _aGovernesses | |
| 650 | 9 | _aFathers and daughters | |
| 650 | 9 | _aMentally ill women | |
| 650 | 9 | _aMarried people | |
| 650 | 9 | _aCharity-schools | |
| 650 | 9 | _aCountry homes | |
| 650 | 9 | _aYoung women | |
| 650 | 9 | _aOrphans | |
| 650 | 9 | _aBildungsromans | |
| 650 | 9 | _aLove stories | |
| 651 | 9 | _aEngland | |
| 655 | _aFiction | ||
| 830 | _aPenguin Popular Classics ; | ||
| 020 | _a0140620117 | ||
| 040 | _cBPK | ||
| 041 | 0 | _aeng | |
| 920 | _a0-14-062011-7 | ||
| 942 | _cKS | ||
| 008 | s uk f |000 0 eng | ||
| 999 |
_c49097 _d49097 |
||
| 856 |
_uhttp://koha.tu.koszalin.pl/cgi-bin/koha/opac-detail.pl?biblionumber=49097 _yKatalog online BPK |
||